Quizzes
Events
Quiz Creation
Community
Videos
Private Events
Remove Ads
Sign In
Join for FREE
Feedback
Dark Mode
Quiz Categories
Sports
Geography
Music
Movies
Television
Just For Fun
Miscellaneous
History
Literature
Language
Science
Gaming
Entertainment
Religion
Holiday
For Kids
Quiz Lab
Recent
Popular Today
Quiz Kudos Today
Editor Picks
Curator Picks
Quizzes by...
Day
Popularity
Type
Ratings
Length
Year
Community
Subscriptions
Recent Discussions
Orange Saloon
Badges
Playlists
Quests
Create
Leaderboards
Showdown
Live 5
Trivia Bingo
Activity
Puzzle Library
Sporcle Events
Private Events
Virtual Trivia
Globe League
Become a Host
Pub Owners
SporcleCon
Opinionation
Our Games
Videos
Blog
Mobile Apps
Partnerships
Remove Ads and Go Orange
Feedback
Sports
Athletes
MLB
NBA
NHL
NFL
Soccer
Sports Teams
WWE
NCAA
Football
Premier League
Basketball
Baseball
Hockey
Golf
Tennis
Cricket
Rugby
Auto Racing
Olympics
World Cup
Sports
Athletes
MLB
NBA
NHL
NFL
Soccer
Sports Teams
WWE
NCAA
Football
Premier League
Basketball
Baseball
Hockey
Golf
Tennis
Cricket
Rugby
Auto Racing
Olympics
World Cup
Random Quiz
Search Sporcle
×
Quiz Lab
Quiz Lab
Sports
NBA
Type in answers that appear in a list
Type in answers that appear in a list
Classic
Best Score? Go Orange.
Name the leading usage rate over the last decade Stats
Can you name the leading player in usage rate over the last decade?
By
matej2009
20m
300 Questions
296 Plays
296 Plays
296 Plays
Comments
Comments
Give Quiz Kudos
Give Quiz Kudos
-
- Ratings
hide this ad
More Info
Replay
Link that replays current quiz
Next Quiz
Link to next quiz in quiz playlist
You Got
0%
They Got
Avg Score
79%
Avg Friend Score
Upgrade to see
Score Distribution
Jump to the score distribution portion of the page
Score
0/300
Timer
20:00
0
Plays Today
Hint
Answer
% Correct
Atlanta Hawks
Trae Young
97.3%
Boston Celtics
Kyrie Irving
97.3%
Boston Celtics
Kyrie Irving
97.3%
Cleveland Cavaliers
Lebron James
97.3%
Cleveland Cavaliers
Kyrie Irving
97.3%
Cleveland Cavaliers
Kyrie Irving
97.3%
Cleveland Cavaliers
Kyrie Irving
97.3%
Cleveland Cavaliers
Lebron James
97.3%
Cleveland Cavaliers
Lebron James
97.3%
Cleveland Cavaliers
Kyrie Irving
97.3%
Cleveland Cavaliers
Lebron James
97.3%
Los Angeles Lakers
Lebron James
97.3%
Miami Heat
Lebron James
97.3%
Miami Heat
Lebron James
97.3%
Miami Heat
Lebron James
97.3%
Los Angeles Lakers
Nick Young
97%
Los Angeles Lakers
Nick Young
97%
Golden State Warriors
Kevin Durant
96.6%
Oklahoma Thunder
Kevin Durant
96.6%
Golden State Warriors
Stephen Curry
96.3%
Golden State Warriors
Stephen Curry
96.3%
Golden State Warriors
Stephen Curry
96.3%
Golden State Warriors
Stephen Curry
96.3%
Golden State Warriors
Stephen Curry
96.3%
Boston Celtics
Paul Pierce
95.9%
Boston Celtics
Paul Pierce
95.9%
Boston Celtics
Paul Pierce
95.9%
Boston Celtics
Paul Pierce
95.9%
Detroit Pistons
Blake Griffin
95.6%
Houston Rockets
James Harden
95.6%
Houston Rockets
James Harden
95.6%
Houston Rockets
James Harden
95.6%
Houston Rockets
James Harden
95.6%
Houston Rockets
James Harden
95.6%
Houston Rockets
James Harden
95.6%
Houston Rockets
James Harden
95.6%
Los Angeles Clippers
Blake Griffin
95.6%
Los Angeles Clippers
Blake Griffin
95.6%
Los Angeles Clippers
Blake Griffin
95.6%
Los Angeles Clippers
Blake Griffin
95.6%
Los Angeles Clippers
Blake Griffin
95.6%
Charlotte Hornets
Kemba Walker
94.9%
Charlotte Hornets
Kemba Walker
94.9%
Charlotte Hornets
Kemba Walker
94.9%
Charlotte Hornets
Kemba Walker
94.9%
Charlotte Hornets
Kemba Walker
94.9%
Dallas Mavericks
Dirk Nowitzki
94.9%
Dallas Mavericks
Dirk Nowitzki
94.9%
Dallas Mavericks
Dirk Nowitzki
94.9%
Dallas Mavericks
Dirk Nowitzki
94.9%
Dallas Mavericks
Dirk Nowitzki
94.9%
Denver Nuggets
Nikola Jokic
94.9%
Denver Nuggets
Nikola Jokic
94.9%
Denver Nuggets
Nikola Jokic
94.9%
Indiana Pacers
David West
94.9%
New Orleans Pelicans
David West
94.9%
Oklahoma Thunder
Russell Westbrook
94.9%
Oklahoma Thunder
Russell Westbrook
94.9%
Oklahoma Thunder
Russell Westbrook
94.9%
Oklahoma Thunder
Russell Westbrook
94.9%
Oklahoma Thunder
Russell Westbrook
94.9%
Oklahoma Thunder
Russell Westbrook
94.9%
Oklahoma Thunder
Russell Westbrook
94.9%
Oklahoma Thunder
Russell Westbrook
94.9%
Oklahoma Thunder
Russell Westbrook
94.9%
Washington Wizards
John Wall
94.9%
Washington Wizards
John Wall
94.9%
Washington Wizards
John Wall
94.9%
Washington Wizards
John Wall
94.9%
Washington Wizards
John Wall
94.9%
Washington Wizards
John Wall
94.9%
Chicago Bulls
Derrick Rose
94.6%
Chicago Bulls
Derrick Rose
94.6%
Chicago Bulls
Derrick Rose
94.6%
Chicago Bulls
Derrick Rose
94.6%
Denver Nuggets
Carmelo Anthony
94.3%
Denver Nuggets
Carmelo Anthony
94.3%
New Orleans Pelicans
Anthony Davis
94.3%
New Orleans Pelicans
Anthony Davis
94.3%
New Orleans Pelicans
Anthony Davis
94.3%
New Orleans Pelicans
Anthony Davis
94.3%
New York Knicks
Carmelo Anthony
94.3%
New York Knicks
Carmelo Anthony
94.3%
New York Knicks
Carmelo Anthony
94.3%
New York Knicks
Carmelo Anthony
94.3%
New York Knicks
Carmelo Anthony
94.3%
Boston Celtics
Isaiah Thomas
93.9%
Boston Celtics
Isaiah Thomas
93.9%
Chicago Bulls
Dwyane Wade
93.9%
Miami Heat
Dwyane Wade
93.9%
Miami Heat
Dwyane Wade
93.9%
Miami Heat
Dwyane Wade
93.9%
Miami Heat
Dwyane Wade
93.9%
Miami Heat
Dwyane Wade
93.9%
Portland Trail Blazers
Damian Lillard
93.9%
Portland Trail Blazers
Damian Lillard
93.9%
Portland Trail Blazers
Damian Lillard
93.9%
Portland Trail Blazers
Damian Lillard
93.9%
Brooklyn Nets
Deron Williams
93.6%
Indiana Pacers
Paul George
93.6%
Hint
Answer
% Correct
Indiana Pacers
Paul George
93.6%
Indiana Pacers
Paul George
93.6%
Los Angeles Clippers
Lou Williams
93.6%
Los Angeles Clippers
Lou Williams
93.6%
Los Angeles Lakers
Lou Williams
93.6%
Philadelphia 76ers
Lou Williams
93.6%
Philadelphia 76ers
Lou Williams
93.6%
Philadelphia 76ers
Joel Embiid
93.6%
Philadelphia 76ers
Joel Embiid
93.6%
Utah Jazz
Deron Williams
93.6%
Los Angeles Lakers
Kobe Bryant
93.2%
Los Angeles Lakers
Kobe Bryant
93.2%
Los Angeles Lakers
Kobe Bryant
93.2%
Los Angeles Lakers
Kobe Bryant
93.2%
Los Angeles Lakers
Kobe Bryant
93.2%
Memphis Grizzlies
Marc Gasol
93.2%
Memphis Grizzlies
Mike Conley
93.2%
San Antonio Spurs
DeMar Derozan
93.2%
Toronto Raptors
DeMar Derozan
93.2%
Toronto Raptors
DeMar Derozan
93.2%
Toronto Raptors
DeMar Derozan
93.2%
Toronto Raptors
DeMar Derozan
93.2%
Toronto Raptors
DeMar Derozan
93.2%
Toronto Raptors
DeMar Derozan
93.2%
Toronto Raptors
DeMar Derozan
93.2%
Los Angeles Clippers
Chris Paul
92.9%
Milwaukee Bucks
Giannis Antetokounmpo
92.9%
Milwaukee Bucks
Giannis Antetokounmpo
92.9%
Milwaukee Bucks
Giannis Antetokounmpo
92.9%
Phoenix Suns
Devin Booker
92.9%
Phoenix Suns
Devin Booker
92.9%
Phoenix Suns
Devin Booker
92.9%
Washington Wizards
Bradley Beal
92.6%
Chicago Bulls
Zach Lavine
92.2%
Dallas Mavericks
Luka Doncic
92.2%
New Orleans Pelicans
DeMarcus Cousins
92.2%
Sacramento Kings
DeMarcus Cousins
92.2%
Sacramento Kings
DeMarcus Cousins
92.2%
Sacramento Kings
DeMarcus Cousins
92.2%
Sacramento Kings
DeMarcus Cousins
92.2%
Sacramento Kings
DeMarcus Cousins
92.2%
Sacramento Kings
DeMarcus Cousins
92.2%
Sacramento Kings
DeMarcus Cousins
92.2%
San Antonio Spurs
Kawhi Leonard
92.2%
Toronto Raptors
Kawhi Leonard
92.2%
Brooklyn Nets
D'Angelo Russell
91.9%
Brooklyn Nets
D'Angelo Russell
91.9%
Minnesota Timberwolves
Karl- Anthony Towns
91.9%
Phoenix Suns
Gerald Green
91.9%
San Antonio Spurs
Tony Parker
91.9%
San Antonio Spurs
Tony Parker
91.9%
San Antonio Spurs
Tony Parker
91.9%
San Antonio Spurs
Tony Parker
91.9%
Brooklyn Nets
Brook Lopez
91.6%
Brooklyn Nets
Brook Lopez
91.6%
Brooklyn Nets
Brook Lopez
91.6%
Brooklyn Nets
Brook Lopez
91.6%
Brooklyn Nets
Brook Lopez
91.6%
Portland Trail Blazers
LaMarcus Aldridge
91.6%
Portland Trail Blazers
LaMarcus Aldridge
91.6%
Portland Trail Blazers
LaMarcus Aldridge
91.6%
Portland Trail Blazers
LaMarcus Aldridge
91.6%
Portland Trail Blazers
LaMarcus Aldridge
91.6%
San Antonio Spurs
LaMarcus Aldridge
91.6%
San Antonio Spurs
LaMarcus Aldridge
91.6%
Utah Jazz
Donovan Mitchell
91.6%
Utah Jazz
Donovan Mitchell
91.6%
Indiana Pacers
Victor Oladipo
91.2%
Minnesota Timberwolves
Kevin Love
91.2%
Minnesota Timberwolves
Kevin Love
91.2%
Orlando Magic
Victor Oladipo
91.2%
Charlotte Hornets
Stephen Jackson
90.5%
Charlotte Hornets
Stephen Jackson
90.5%
Detroit Pistons
Reggie Jackson
90.5%
Detroit Pistons
Reggie Jackson
90.5%
Detroit Pistons
Reggie Jackson
90.5%
Orlando Magic
Nikola Vucevic
90.5%
Orlando Magic
Nikola Vucevic
90.5%
Orlando Magic
Nikola Vucevic
90.5%
Orlando Magic
Nikola Vucevic
90.5%
San Antonio Spurs
Tim Duncan
90.5%
San Antonio Spurs
Tim Duncan
90.5%
Atlanta Hawks
Paul Millsap
89.9%
Minnesota Timberwolves
Andrew Wiggins
89.2%
Minnesota Timberwolves
Andrew Wiggins
89.2%
Minnesota Timberwolves
Andrew Wiggins
89.2%
Dallas Mavericks
Monta Ellis
88.5%
Golden State Warriors
Monta Ellis
88.5%
Golden State Warriors
Monta Ellis
88.5%
Milwaukee Bucks
Monta Ellis
88.5%
Atlanta Hawks
Joe Johnson
88.2%
Atlanta Hawks
Joe Johnson
88.2%
Dallas Mavericks
Dennis Smith
88.2%
Atlanta Hawks
Josh Smith
87.8%
Atlanta Hawks
Josh Smith
87.8%
Detroit Pistons
Josh Smith
87.8%
Memphis Grizzlies
Zach Randolph
86.5%
Memphis Grizzlies
Zach Randolph
86.5%
Memphis Grizzlies
Zach Randolph
86.5%
Memphis Grizzlies
Zach Randolph
86.5%
Hint
Answer
% Correct
Memphis Grizzlies
Zach Randolph
86.5%
Sacramento Kings
Zach Randolph
86.5%
Miami Heat
Goran Dragic
86.1%
Miami Heat
Goran Dragic
86.1%
Phoenix Suns
Goran Dragic
86.1%
Charlotte Hornets
Ben Gordon
83.4%
New Orleans Pelicans
Eric Gordon
83.4%
Orlando Magic
Dwight Howard
83.4%
Orlando Magic
Dwight Howard
83.4%
Utah Jazz
Gordon Hayward
82.4%
Utah Jazz
Gordon Hayward
82.4%
Utah Jazz
Gordon Hayward
82.4%
Philadelphia 76ers
Jrue Holiday
82.1%
Sacramento Kings
Buddy Hield
80.7%
Atlanta Hawks
Denis Schroder
78.4%
Atlanta Hawks
Denis Schroder
78.4%
Atlanta Hawks
Denis Schroder
78.4%
Atlanta Hawks
Denis Schroder
78.4%
Dallas Mavericks
Harrison Barnes
77.7%
Toronto Raptors
Chris Bosh
76%
Indiana Pacers
Danny Granger
74%
Indiana Pacers
Danny Granger
74%
Indiana Pacers
Danny Granger
74%
Portland Trail Blazers
Brandon Roy
74%
New York Knicks
Amar'e Stoudemire
72.3%
Phoenix Suns
Amar'e Stoudemire
72.3%
New York Knicks
Kristaps Porzingis
72%
Orlando Magic
Vince Carter
71.6%
Cleveland Cavaliers
Jordan Clarkson
70.9%
Los Angeles Lakers
Jordan Clarkson
70.9%
Charlotte Hornets
Al Jefferson
70.6%
Charlotte Hornets
Al Jefferson
70.6%
Minnesota Timberwolves
Al Jefferson
70.6%
Utah Jazz
Al Jefferson
70.6%
Utah Jazz
Al Jefferson
70.6%
Golden State Warriors
David Lee
68.2%
Phoenix Suns
Eric Bledsoe
67.2%
Detroit Pistons
Brandon Jennings
66.6%
Milwaukee Bucks
Brandon Jennings
66.6%
Indiana Pacers
Tyreke Evans
65.9%
Memphis Grizzlies
Tyreke Evans
65.9%
New Orleans Pelicans
Tyreke Evans
65.9%
Sacramento Kings
Tyreke Evans
65.9%
Indiana Pacers
George Hill
65.5%
Brooklyn Nets
Devin Harris
63.9%
Chicago Bulls
Carlos Boozer
63.9%
Chicago Bulls
Carlos Boozer
63.9%
Utah Jazz
Carlos Boozer
63.9%
Memphis Grizzlies
Rudy Gay
60.1%
Memphis Grizzlies
Rudy Gay
60.1%
Milwaukee Bucks
Brandon Knight
58.1%
Milwaukee Bucks
Brandon Knight
58.1%
Phoenix Suns
Brandon Knight
58.1%
Denver Nuggets
Danilo Gallinari
56.8%
Philadelphia 76ers
Jahlil Okafor
56.8%
Philadelphia 76ers
Jahlil Okafor
56.8%
Houston Rockets
Kevin Martin
52.4%
Milwaukee Bucks
Greg Monroe
51.4%
New York Knicks
Tim Hardaway
50.7%
New York Knicks
Tim Hardaway
50.7%
Detroit Pistons
Richard Hamilton
49.3%
Detroit Pistons
Richard Hamilton
49.3%
Cleveland Cavaliers
Antawn Jamison
48.3%
Philadelphia 76ers
Michael Carter-Williams
45.9%
Toronto Raptors
Andrea Bargnani
43.6%
Houston Rockets
Aaron Brooks
42.9%
Los Angeles Clippers
Jamal Crawford
36.8%
Minnesota Timberwolves
Jamal Crawford
36.8%
Washington Wizards
Jordan Crawford
36.8%
Denver Nuggets
Emmanuel Mudiay
35.8%
Denver Nuggets
Nate Robinson
35.1%
Minnesota Timberwolves
J.J. Barea
33.1%
Phoenix Suns
Michael Redd
32.1%
Detroit Pistons
Rodney Stuckey
31.8%
Boston Celtics
Jared Sullinger
27%
Boston Celtics
Jared Sullinger
27%
Dallas Mavericks
Chris Kaman
26.4%
Los Angeles Clippers
Chris Kaman
26.4%
New Orleans Pelicans
Chris Kaman
26.4%
Orlando Magic
Arron Afflalo
26.4%
Houston Rockets
Luis Scola
26%
Chicago Bulls
Bobby Portis
20.6%
Brooklyn Nets
Andray Blatche
16.9%
Washington Wizards
Andray Blatche
16.9%
Washington Wizards
Andray Blatche
16.9%
Denver Nuggets
Corey Brewer
15.9%
Milwaukee Bucks
Corey Maggette
14.5%
Utah Jazz
Alec Burks
12.5%
Philadelphia 76ers
Tony Wroten
11.8%
Minnesota Timberwolves
Michael Beasley
9.1%
Phoenix Suns
Michael Beasley
9.1%
Detroit Pistons
Wil Bynum
8.4%
Denver Nuggets
Al Harrington
8.1%
Golden State Warriors
Marreese Speights
8.1%
New York Knicks
Al Harrington
8.1%
Orlando Magic
Marreese Speights
8.1%
Philadelphia 76ers
Marreese Speights
8.1%
New Orleans Pelicans
Marcus Thornton
5.1%
Milwaukee Bucks
Drew Gooden
4.7%
Chicago Bulls
John Lucas
3%
Quiz Playlist
Details
Report
Send in Message
Add To Playlist
More Info:
The player has to have played atleast 41 games.
Classic:
Type in answers that appear in a list
Last Updated: Apr 23, 2019
Quiz Scoreboard
CHALLENGE
Sign Up to Join the Scoreboard
Show All
Scores
Hide
Comments
May contain spoilers
Recently Published
College Basketball Coaching Resumes
by pancakes188
Sports
9m
Billboard Blitz: Fleetwood Mac
by CooCooCachoo
Music
15s
Presidents Visiting Landmarks
by Hejman
History
7m
More to Explore
Quiz From the Vault
Featured Blog Post
Where Did the Easter Bunny Come From?
hide this ad
You Might Also Like...
Tags
Decade Quiz
NBA Quiz
At Least
half
last
Leading
Player
rate
season
usage
Today's Top Quizzes in Sports
Browse Sports
hide this ad
Today's Top Quizzes in NBA
Browse NBA
Top Contributed Quizzes in Sports
1
2022 World Cup Stars
2
Les meilleurs buteurs des matchs entre le PSG et l’OM
3
FIFA Club World Cup Champions
4
Les entraîneurs de l'OM et du PSG au 21e siècle
5
Criteria MLB: Left Handed Sluggers
6
AFC Teams Reveal (Wrong Answers Minefield)
7
5-to-1: UK Sports Teams
8
5-to-1: FBS Animal Nicknames
9
2023 MLB Unique Player Accomplishments
10
Name the Premier League winners with different clubs
Explore More
Trending Topics
Harry Potter
Disney
Marvel
Anime
NBA
Crossword
Kpop
Song
Country
WWE
Puzzle
NFL
Soccer
Pokémon
The Office
hide this ad
More By:
matej2009
Quiz
Plays
Rating
Category
Featured
Created
Name the stat leaders of the 2019/20 season per team?
6,988
5.00
Sports
Nov 6, 2019
Name the stat leaders of the 2020/21 season per team?
313
5.00
Sports
Mar 1, 2021
Name the leading usage rate over the last decade
296
5.00
Sports
Apr 23, 2019
Name the leading win shares over the last decade
147
2.50
Sports
Apr 25, 2019
Go to Creator's Profile
Score Distribution
Quiz Creator Spotlight
matej2009
Follow
Send a Message
Quizzes Created
-
Created Quiz Play Count
-
More By This Creator
Popular Quizzes Today
1
Find the US States - No Outlines Minefield
2
Find the Countries of Europe - No Outlines Minefield
3
The Countries of the World
4
Find the US States
5
Risky Map Clicking: Biggest States A-Z
6
US States
7
Popular People in 1961
8
Movies - When Are They Set?
More Sports Quizzes
NBA Closest to 50/40/90 Club
Curator's Pick
Trending Quizzes
Risky Map Clicking: Least Populous States A-Z
1-10 Letter G Words
1-10 Letter F Words
Risky Map Clicking: Next State Alphabetically
Risky Map Clicking: Biggest States A-Z
Recently Updated
Leaping Animals
pecheneg
Reality TV Shows (A-Z)
bhenderson79
Rickey Henderson's Hall of Fame Teammates
pecheneg
Champions League XIs: Arsenal
pecheneg
Quick Pick: Celebrities in WWE's Hall of Fame
aduchscher
A-Z Keypad Blitz II
pecheneg
Multiple Oscar Actors
pecheneg
Mystery Phrase Blitz: Oscar 'Best Actors'
pecheneg
F. Scott Fitzgerald Novels
LTH
Pick 3 Villains
ddd62291
Trending Topics
Anime
Harry Potter
Disney
Kpop
Crossword
NBA
Marvel
Country
Song
WWE
Puzzle
Pokémon
NFL
Soccer
The Office
Your Account Isn't Verified!
In order to create a playlist on Sporcle, you need to verify the email address you used during registration. Go to your
Sporcle Settings
to finish the process.
Report this User
Report this user for behavior that violates our
Community Guidelines
.
Details:
Send Report
Go to the Sporcle.com Mobile Site →
Comments